Sociology of leisure : a reader
Αποθηκεύτηκε σε:
| Άλλοι συγγραφείς: | , , |
|---|---|
| Μορφή: | Βιβλίο |
| Γλώσσα: | English |
| Δημοσίευση: |
New York :
Spon Press,
2001
|
| Θέματα: | |
| Ετικέτες: |
Προσθήκη ετικέτας
Δεν υπάρχουν, Καταχωρήστε ετικέτα πρώτοι!
|
MARC
| LEADER | 00000cam a2200000 i 4500 | ||
|---|---|---|---|
| 001 | 1/58090 | ||
| 008 | 020208s2001 eng d | ||
| 020 | |a 0-419-19420-7 (pbk) | ||
| 035 | |l 10000270 | ||
| 040 | |a GR-MY-UA |b gre |e aacr | ||
| 041 | 0 | |a eng | |
| 082 | 0 | |a 306.4812 | |
| 245 | 1 | 0 | |a Sociology of leisure : |b a reader / |c edited by C. Critcher, P. Bramham, and A. Tomlinson |
| 260 | |a New York : |b Spon Press, |c 2001 | ||
| 300 | |a ix, 292 σ.; |b πιν.; |c 23 εκ. | ||
| 504 | |a Περιέχει ευρετήριο | ||
| 650 | 0 | 0 | |a Leisure |x Social aspects. |
| 700 | 1 | |a Critcher, C. |4 edt | |
| 700 | 1 | |a Bramham, Peter. |4 edt | |
| 700 | 1 | |a Tomlinson, Alan. |4 edt | |
| 852 | |a INST |b LESVOS |e 20020208 |h 306.4812 SOC |p 005100028389 |q 005100028389 |t BK |y 0 | ||
| 901 | |a BIBL1-2002-1 | ||
| 909 | |a Λ |b 099627 | ||
| 970 | |a ΜΟΥΣΤΑΚΑ |b ΠΗΝΕΛΟΠΗ |z 2002/02/08 | ||